000 00517nam a2200205 a 4500
001 13754
003 CO-ViMGA
008 141112s2004 ck r 000 u spa d
020 _a96822423773
040 _aCO-ViMGA
_bspa
_cCO-ViMGA
082 0 4 _aKUNp
100 1 _aKunhardt, Dorothy
_920051
245 1 0 _aEl pequeño Pigui
260 _aMexico :
_bTrilla,
_c1990
300 _a24
490 _aColeccion de Oro
590 _aForma de adquisición : compra
650 1 4 _aCUENTOS INFANTILES
_92743
942 _2ddc
_cBK
999 _c24468
_d24468